Countries with embassies and consulates in Edinburgh - Statistics

General Stats
  • This quiz has been taken 187 times
  • The average score is 11 of 13
Answer Stats
Continent Country % Correct
Europe France
98%
North America United States of America
98%
Asia China
96%
Europe Germany
96%
Europe Spain
96%
Europe Italy
90%
Asia Japan
88%
Asia India
87%
Europe Russia
86%
Europe Poland
82%
Europe Ireland
74%
Asia Pakistan
57%
Europe Ukraine
47%
No matching quizzes found
Score Distribution
Percent of People with Each Score
Percentile by Number Answered
Your Score History
You have not taken this quiz